tous les buteurs du PSG en coupe d'Europe - Statistiques

Statistiques générales
  • Ce quiz a été pris 265 fois
  • Le résultat moyen est 255 sur 473
Statistiques - réponses
Date Adversaire Joueur Nationalité % Correct
28/11/2023 Newcastle United Kylian Mbappé France
100%
25/10/2023 AC Milan Kylian Mbappé France
100%
19/09/2023 Borussia Dortmund Kylian Mbappé France
100%
02/11/2022 Juventus Kylian Mbappé France
100%
25/10/2022 Maccabi Haifa Kylian Mbappé France
100%
25/10/2022 Maccabi Haifa Kylian Mbappé France
100%
11/10/2022 Benfica Lisbonne Kylian Mbappé France
100%
14/09/2022 Maccabi Haifa Kylian Mbappé France
100%
06/09/2022 Juventus Kylian Mbappé France
100%
06/09/2022 Juventus Kylian Mbappé France
100%
09/03/2022 Real Madrid Kylian Mbappé France
100%
15/02/2022 Real Madrid Kylian Mbappé France
100%
07/12/2021 Club Brugge Kylian Mbappé France
100%
07/12/2021 Club Brugge Kylian Mbappé France
100%
24/11/2021 Manchester City Kylian Mbappé France
100%
19/10/2021 RB Leipzig Kylian Mbappé France
100%
07/04/2021 Bayern Munich Kylian Mbappé France
100%
07/04/2021 Bayern Munich Kylian Mbappé France
100%
10/03/2021 FC Barcelone Kylian Mbappé France
100%
16/02/2021 FC Barcelone Kylian Mbappé France
100%
16/02/2021 FC Barcelone Kylian Mbappé France
100%
16/02/2021 FC Barcelone Kylian Mbappé France
100%
09/12/2020 Istanbul Basaksehir Kylian Mbappé France
100%
09/12/2020 Istanbul Basaksehir Kylian Mbappé France
100%
11/12/2019 Galatasaray Kylian Mbappé France
100%
26/11/2019 Real Madrid Kylian Mbappé France
100%
22/10/2019 Club Brugge Kylian Mbappé France
100%
22/10/2019 Club Brugge Kylian Mbappé France
100%
22/10/2019 Club Brugge Kylian Mbappé France
100%
12/02/2019 Manchester United Kylian Mbappé France
100%
11/12/2018 Etoile Rouge de Belgrade Kylian Mbappé France
100%
03/10/2018 Etoile Rouge de Belgrade Kylian Mbappé France
100%
18/09/2018 Liverpool Kylian Mbappé France
100%
05/12/2017 Bayern Munich Kylian Mbappé France
100%
22/11/2017 Celtic Glasgow Kylian Mbappé France
100%
18/10/2017 RSC Anderlecht Kylian Mbappé France
100%
12/09/2017 Celtic Glasgow Kylian Mbappé France
100%
25/10/2022 Maccabi Haifa Neymar Brésil
97%
14/09/2022 Maccabi Haifa Neymar Brésil
97%
09/12/2020 Istanbul Basaksehir Neymar Brésil
97%
09/12/2020 Istanbul Basaksehir Neymar Brésil
97%
09/12/2020 Istanbul Basaksehir Neymar Brésil
97%
02/12/2020 Manchester United Neymar Brésil
97%
02/12/2020 Manchester United Neymar Brésil
97%
24/11/2020 RB Leipzig Neymar Brésil
97%
11/03/2020 Borussia Dortmund Neymar Brésil
97%
18/02/2020 Borussia Dortmund Neymar Brésil
97%
11/12/2019 Galatasaray Neymar Brésil
97%
11/12/2018 Etoile Rouge de Belgrade Neymar Brésil
97%
28/11/2018 Liverpool Neymar Brésil
97%
03/10/2018 Etoile Rouge de Belgrade Neymar Brésil
97%
03/10/2018 Etoile Rouge de Belgrade Neymar Brésil
97%
03/10/2018 Etoile Rouge de Belgrade Neymar Brésil
97%
22/11/2017 Celtic Glasgow Neymar Brésil
97%
22/11/2017 Celtic Glasgow Neymar Brésil
97%
31/10/2017 RSC Anderlecht Neymar Brésil
97%
18/10/2017 RSC Anderlecht Neymar Brésil
97%
27/09/2017 Bayern Munich Neymar Brésil
97%
12/09/2017 Celtic Glasgow Neymar Brésil
97%
11/12/2019 Galatasaray Edinson Cavani Uruguay
95%
11/12/2018 Etoile Rouge de Belgrade Edinson Cavani Uruguay
95%
03/10/2018 Etoile Rouge de Belgrade Edinson Cavani Uruguay
95%
06/03/2018 Real Madrid Edinson Cavani Uruguay
95%
22/11/2017 Celtic Glasgow Edinson Cavani Uruguay
95%
22/11/2017 Celtic Glasgow Edinson Cavani Uruguay
95%
18/10/2017 RSC Anderlecht Edinson Cavani Uruguay
95%
27/09/2017 Bayern Munich Edinson Cavani Uruguay
95%
12/09/2017 Celtic Glasgow Edinson Cavani Uruguay
95%
12/09/2017 Celtic Glasgow Edinson Cavani Uruguay
95%
08/03/2017 FC Barcelone Edinson Cavani Uruguay
95%
14/02/2017 FC Barcelone Edinson Cavani Uruguay
95%
06/12/2016 Ludogorets Razgrad Edinson Cavani Uruguay
95%
23/11/2016 Arsenal FC Edinson Cavani Uruguay
95%
19/10/2016 FC Bâle Edinson Cavani Uruguay
95%
28/09/2016 Ludogorets Razgrad Edinson Cavani Uruguay
95%
28/09/2016 Ludogorets Razgrad Edinson Cavani Uruguay
95%
13/09/2016 Arsenal FC Edinson Cavani Uruguay
95%
16/02/2016 Chelsea FC Edinson Cavani Uruguay
95%
15/09/2015 Malmö FF Edinson Cavani Uruguay
95%
17/02/2015 Chelsea FC Edinson Cavani Uruguay
95%
25/11/2014 Ajax Amsterdam Edinson Cavani Uruguay
95%
25/11/2014 Ajax Amsterdam Edinson Cavani Uruguay
95%
05/11/2014 APOEL Nicosie Edinson Cavani Uruguay
95%
21/10/2014 APOEL Nicosie Edinson Cavani Uruguay
95%
17/09/2014 Ajax Amsterdam Edinson Cavani Uruguay
95%
10/12/2013 Benfica Lisbonne Edinson Cavani Uruguay
95%
27/11/2013 Olympiakos Edinson Cavani Uruguay
95%
23/10/2013 RSC Anderlecht Edinson Cavani Uruguay
95%
17/09/2013 Olympiakos Edinson Cavani Uruguay
95%
25/10/2022 Maccabi Haifa Lionel Messi Argentine
94%
25/10/2022 Maccabi Haifa Lionel Messi Argentine
94%
05/10/2022 Benfica Lisbonne Lionel Messi Argentine
94%
14/09/2022 Maccabi Haifa Lionel Messi Argentine
94%
07/12/2021 Club Brugge Lionel Messi Argentine
94%
07/12/2021 Club Brugge Lionel Messi Argentine
94%
19/10/2021 RB Leipzig Lionel Messi Argentine
94%
19/10/2021 RB Leipzig Lionel Messi Argentine
94%
28/09/2021 Manchester City Lionel Messi Argentine
94%
06/04/2016 Manchester City Zlatan Ibrahimovic Suède
93%
09/03/2016 Chelsea FC Zlatan Ibrahimovic Suède
93%
16/02/2016 Chelsea FC Zlatan Ibrahimovic Suède
93%
08/12/2015 Shakhtar Donetsk Zlatan Ibrahimovic Suède
93%
25/11/2015 Malmö FF Zlatan Ibrahimovic Suède
93%
10/12/2014 FC Barcelone Zlatan Ibrahimovic Suède
93%
25/11/2014 Ajax Amsterdam Zlatan Ibrahimovic Suède
93%
18/02/2014 Bayer Leverkusen Zlatan Ibrahimovic Suède
93%
18/02/2014 Bayer Leverkusen Zlatan Ibrahimovic Suède
93%
27/11/2013 Olympiakos Zlatan Ibrahimovic Suède
93%
08/11/2013 RSC Anderlecht Zlatan Ibrahimovic Suède
93%
23/10/2013 RSC Anderlecht Zlatan Ibrahimovic Suède
93%
23/10/2013 RSC Anderlecht Zlatan Ibrahimovic Suède
93%
23/10/2013 RSC Anderlecht Zlatan Ibrahimovic Suède
93%
23/10/2013 RSC Anderlecht Zlatan Ibrahimovic Suède
93%
02/10/2013 Benfica Lisbonne Zlatan Ibrahimovic Suède
93%
02/10/2013 Benfica Lisbonne Zlatan Ibrahimovic Suède
93%
02/04/2013 FC Barcelone Zlatan Ibrahimovic Suède
93%
24/10/2012 Dinamo Zagreb Zlatan Ibrahimovic Suède
93%
18/09/2012 Dynamo Kiev Zlatan Ibrahimovic Suède
93%
28/04/2021 Manchester City Marquinhos Brésil
90%
07/04/2021 Bayern Munich Marquinhos Brésil
90%
02/12/2020 Manchester United Marquinhos Brésil
90%
18/08/2020 RB Leipzig Marquinhos Brésil
90%
12/08/2020 Atalanta Bergame Marquinhos Brésil
90%
11/12/2018 Etoile Rouge de Belgrade Marquinhos Brésil
90%
12/03/2014 Bayer Leverkusen Marquinhos Brésil
90%
02/10/2013 Benfica Lisbonne Marquinhos Brésil
90%
17/09/2013 Olympiakos Marquinhos Brésil
90%
19/09/2023 Borussia Dortmund Achraf Hakimi Maroc
89%
22/11/2017 Celtic Glasgow Marco Verratti Italie
87%
31/10/2017 RSC Anderlecht Marco Verratti Italie
87%
30/09/2014 FC Barcelone Marco Verratti Italie
87%
11/03/2015 Chelsea FC Thiago Silva Brésil
87%
04/12/2012 FC Porto Thiago Silva Brésil
87%
18/09/2012 Dynamo Kiev Thiago Silva Brésil
87%
04/11/2020 RB Leipzig Angel Di Maria Argentine
86%
18/08/2020 RB Leipzig Angel Di Maria Argentine
86%
18/09/2019 Real Madrid Angel Di Maria Argentine
86%
18/09/2019 Real Madrid Angel Di Maria Argentine
86%
24/10/2018 SSC Napoli Angel Di Maria Argentine
86%
03/10/2018 Etoile Rouge de Belgrade Angel Di Maria Argentine
86%
18/10/2017 RSC Anderlecht Angel Di Maria Argentine
86%
14/02/2017 FC Barcelone Angel Di Maria Argentine
86%
14/02/2017 FC Barcelone Angel Di Maria Argentine
86%
06/12/2016 Ludogorets Razgrad Angel Di Maria Argentine
86%
19/10/2016 FC Bâle Angel Di Maria Argentine
86%
25/11/2015 Malmö FF Angel Di Maria Argentine
86%
25/11/2015 Malmö FF Angel Di Maria Argentine
86%
15/09/2015 Malmö FF Angel Di Maria Argentine
86%
25/10/2023 AC Milan Kang-in Lee Corée du Sud
85%
13/12/2023 Borussia Dortmund Warren Zaïre-Emery France
79%
07/11/2023 AC Milan Milan Skriniar Slovaquie
77%
01/11/2016 FC Bâle Blaise Matuidi France
76%
28/09/2016 Ludogorets Razgrad Blaise Matuidi France
76%
30/09/2014 FC Barcelone Blaise Matuidi France
76%
18/02/2014 Bayer Leverkusen Blaise Matuidi France
76%
02/04/2013 FC Barcelone Blaise Matuidi France
76%
06/11/2012 Dinamo Zagreb Blaise Matuidi France
76%
25/10/2023 AC Milan Randal Kolo-Muani France
75%
18/09/2019 Real Madrid Thomas Meunier Belgique
75%
18/09/2018 Liverpool Thomas Meunier Belgique
75%
01/11/2016 FC Bâle Thomas Meunier Belgique
75%
04/10/2023 Newcastle United Lucas Hernandez France
74%
11/12/2019 Galatasaray Mauro Icardi Argentine
74%
06/11/2019 Club Brugge Mauro Icardi Argentine
74%
22/10/2019 Club Brugge Mauro Icardi Argentine
74%
22/10/2019 Club Brugge Mauro Icardi Argentine
74%
01/10/2019 Galatasaray Mauro Icardi Argentine
74%
12/02/2019 Manchester United Presnel Kimpembe France
74%
30/09/2015 Shakhtar Donetsk David Luiz Brésil
72%
11/03/2015 Chelsea FC David Luiz Brésil
72%
30/09/2014 FC Barcelone David Luiz Brésil
72%
02/04/2014 Chelsea FC Ezequiel Lavezzi Argentine
72%
12/03/2014 Bayer Leverkusen Ezequiel Lavezzi Argentine
72%
06/03/2013 Valence CF Ezequiel Lavezzi Argentine
72%
12/02/2013 Valence CF Ezequiel Lavezzi Argentine
72%
04/12/2012 FC Porto Ezequiel Lavezzi Argentine
72%
21/11/2012 Dynamo Kiev Ezequiel Lavezzi Argentine
72%
21/11/2012 Dynamo Kiev Ezequiel Lavezzi Argentine
72%
02/04/2014 Chelsea FC Javier Pastore Argentine
72%
10/04/2013 FC Barcelone Javier Pastore Argentine
72%
12/02/2013 Valence CF Javier Pastore Argentine
72%
18/09/2012 Dynamo Kiev Javier Pastore Argentine
72%
14/12/2011 Athletic Bilbao Javier Pastore Argentine
72%
03/11/2011 Slovan Bratislava Javier Pastore Argentine
72%
25/10/2022 Maccabi Haifa Carlos Soler Espagne
71%
14/02/2017 FC Barcelone Julian Draxler Allemagne
71%
15/03/2007 Benfica Lisbonne Pauleta Portugal
71%
08/03/2007 Benfica Lisbonne Pauleta Portugal
71%
13/12/2006 Panathinaikos Pauleta Portugal
71%
13/12/2006 Panathinaikos Pauleta Portugal
71%
23/11/2006 Hapoel Tel-Aviv Pauleta Portugal
71%
28/09/2006 Derry City Pauleta Portugal
71%
20/10/2004 FC Porto Pauleta Portugal
71%
14/02/2018 Real Madrid Adrien Rabiot France
70%
06/04/2016 Manchester City Adrien Rabiot France
70%
09/03/2016 Chelsea FC Adrien Rabiot France
70%
25/11/2015 Malmö FF Adrien Rabiot France
70%
28/09/2021 Manchester City Idrissa Gueye Sénégal
70%
31/10/2017 RSC Anderlecht Layvin Kurzawa France
70%
31/10/2017 RSC Anderlecht Layvin Kurzawa France
70%
31/10/2017 RSC Anderlecht Layvin Kurzawa France
70%
02/11/2022 Juventus Nuno Mendes Portugal
70%
17/09/2013 Olympiakos Thiago Motta Italie
70%
17/09/2013 Olympiakos Thiago Motta Italie
70%
12/08/2020 Atalanta Bergame Eric-Maxim Choupo-Moting Cameroun
67%
18/08/2020 RB Leipzig Juan Bernat Espagne
67%
11/03/2020 Borussia Dortmund Juan Bernat Espagne
67%
06/03/2019 Manchester United Juan Bernat Espagne
67%
28/11/2018 Liverpool Juan Bernat Espagne
67%
06/11/2018 SSC Napoli Juan Bernat Espagne
67%
19/09/2002 Ujpest Ronaldinho Brésil
66%
18/10/2001 Rapid Vienne Ronaldinho Brésil
66%
18/10/2001 Rapid Vienne Ronaldinho Brésil
66%
16/02/2021 FC Barcelone Moise Kean Italie
64%
28/10/2020 Istanbul Basaksehir Moise Kean Italie
64%
28/10/2020 Istanbul Basaksehir Moise Kean Italie
64%
19/10/2016 FC Bâle Lucas Moura Brésil
63%
08/12/2015 Shakhtar Donetsk Lucas Moura Brésil
63%
25/11/2015 Malmö FF Lucas Moura Brésil
63%
22/11/2017 Celtic Glasgow Dani Alves Brésil
61%
27/09/2017 Bayern Munich Dani Alves Brésil
61%
03/11/2021 RB Leipzig Georginio Wijnaldum Pays-Bas
59%
03/11/2021 RB Leipzig Georginio Wijnaldum Pays-Bas
59%
11/12/2019 Galatasaray Pablo Sarabia Espagne
58%
26/11/2019 Real Madrid Pablo Sarabia Espagne
58%
30/09/2015 Shakhtar Donetsk Serge Aurier Côte D'Ivoire
55%
15/09/2011 RB Salzbourg Nene Brésil
53%
25/08/2011 Differdange Nene Brésil
53%
02/12/2010 FC Seville Nene Brésil
53%
30/09/2010 Karpaty Nene Brésil
53%
16/09/2010 FC Seville Nene Brésil
53%
26/08/2010 Maccabi Tel-Aviv Nene Brésil
53%
17/09/1997 IFK Göteborg Rai Brésil
52%
27/08/1997 Steaua Bucarest Rai Brésil
52%
27/08/1997 Steaua Bucarest Rai Brésil
52%
27/08/1997 Steaua Bucarest Rai Brésil
52%
05/02/1997 Juventus Rai Brésil
52%
15/01/1997 Juventus Rai Brésil
52%
30/10/1996 Galatasaray Rai Brésil
52%
21/03/1996 Parme FC Rai Brésil
52%
21/03/1996 Parme FC Rai Brésil
52%
15/03/1995 FC Barcelone Rai Brésil
52%
07/12/1994 Spartak Moscou Rai Brésil
52%
01/03/1995 FC Barcelone George Weah Liberia
51%
07/12/1994 Spartak Moscou George Weah Liberia
51%
07/12/1994 Spartak Moscou George Weah Liberia
51%
23/11/1994 Bayern Munich George Weah Liberia
51%
02/11/1994 Dynamo Kiev George Weah Liberia
51%
19/10/1994 Dynamo Kiev George Weah Liberia
51%
14/09/1994 Bayern Munich George Weah Liberia
51%
10/08/1994 Vaci FC Samsung George Weah Liberia
51%
03/03/1994 Real Madrid George Weah Liberia
51%
06/04/1993 Juventus George Weah Liberia
51%
18/03/1993 Real Madrid George Weah Liberia
51%
21/10/1992 SSC Napoli George Weah Liberia
51%
21/10/1992 SSC Napoli George Weah Liberia
51%
01/10/1992 PAOK Salonique George Weah Liberia
51%
16/09/1992 PAOK Salonique George Weah Liberia
51%
16/09/1992 PAOK Salonique George Weah Liberia
51%
15/09/2021 Club Brugge Ander Herrera Espagne
48%
06/11/2012 Dinamo Zagreb Alex Brésil
47%
18/09/2012 Dynamo Kiev Alex Brésil
47%
07/12/1994 Spartak Moscou David Ginola France
46%
29/03/1994 Arsenal FC David Ginola France
46%
20/10/1993 Universitatea Craiova David Ginola France
46%
18/03/1993 Real Madrid David Ginola France
46%
02/03/1993 Real Madrid David Ginola France
46%
18/02/2009 Wolfsburg Guilaume Hoarau France
45%
06/11/2012 Dinamo Zagreb Guillaume Hoarau France
45%
14/12/2011 Athletic Bilbao Guillaume Hoarau France
45%
02/12/2010 FC Seville Guillaume Hoarau France
45%
02/12/2010 FC Seville Guillaume Hoarau France
45%
26/08/2010 Maccabi Tel-Aviv Guillaume Hoarau France
45%
19/08/2010 Maccabi Tel-Aviv Guillaume Hoarau France
45%
19/03/2009 SC Braga Guillaume Hoarau France
45%
18/02/2009 Wolfsburg Guillaume Hoarau France
45%
06/11/2012 Dinamo Zagreb Jeremy Menez France
45%
24/10/2012 Dinamo Zagreb Jeremy Menez France
45%
15/09/2011 RB Salzbourg Jeremy Menez France
45%
18/08/2011 Differdange Jeremy Menez France
45%
18/02/2014 Bayer Leverkusen Yohan Cabaye France
42%
30/09/2010 Karpaty Christophe Jallet France
38%
18/08/2011 Differdange Kevin Gameiro France
38%
21/10/2010 Borussia Dortmund Clément Chantome France
37%
23/10/2008 Schalke 04 Clement Chantome France
37%
01/08/2001 KAA La Gantoise Jay-Jay Okocha Nigeria
36%
01/08/2001 KAA La Gantoise Jay-Jay Okocha Nigeria
36%
21/07/2001 Tavria Simferopol Jay-Jay Okocha Nigeria
36%
07/07/2001 FC Jazz Pori Jay-Jay Okocha Nigeria
36%
07/07/2001 FC Jazz Pori Jay-Jay Okocha Nigeria
36%
07/03/2001 Deportivo La Corogne Jay-Jay Okocha Nigeria
36%
01/10/1998 Maccabi Haifa Jay-Jay Okocha Nigeria
36%
17/02/2011 BATE Borisov Mevlut Erding Turquie
33%
26/02/2009 Wolfsburg Jerome Rothen France
31%
18/10/2001 Rapid Vienne Nicolas Anelka France
31%
01/08/2001 KAA La Gantoise Nicolas Anelka France
31%
01/08/2001 KAA La Gantoise Nicolas Anelka France
31%
14/02/2001 AC Milan Nicolas Anelka France
31%
08/11/2000 Helsingborgs IF Nicolas Anelka France
31%
24/10/2000 Rosenborg BK Nicolas Anelka France
31%
24/10/2000 Rosenborg BK Nicolas Anelka France
31%
19/09/2000 Helsingborgs IF Nicolas Anelka France
31%
26/09/1996 FC Vaduz Alain Roche France
30%
10/08/1994 Vaci FC Samsung Alain Roche France
30%
02/03/1983 Waterschei Luis Fernandez Espagne
30%
02/11/1982 Swansea AFC Luis Fernandez Espagne
30%
10/03/2011 Benfica Lisbonne Peguy Luyindula France
29%
17/02/2011 BATE Borisov Peguy Luyindula France
29%
15/12/2010 Karpaty Peguy Luyindula France
29%
19/08/2010 Maccabi Tel-Aviv Peguy Luyindula France
29%
26/02/2009 Wolfsburg Peguy Luyindula France
29%
26/02/2009 Wolfsburg Peguy Luyindula France
29%
18/12/2008 FC Twente Peguy Luyindula France
29%
18/12/2008 FC Twente Peguy Luyindula France
29%
27/11/2008 Racing Santander Peguy Luyindula France
29%
18/09/2008 Kayserispor Peguy Luyindula France
29%
18/03/1993 Real Madrid Antoine Kombouaré France
28%
08/12/1992 RSC Anderlecht Antoine Kombouaré France
28%
26/09/1989 FC Lahti Safet Susic Yougoslave
25%
19/09/1984 Hearth of Midlothian FC Safet Susic Yougoslave
25%
19/09/1984 Hearth of Midlothian FC Safet Susic Yougoslave
25%
28/09/1983 Glentoran FC Safet Susic Yougoslave
25%
04/04/1996 Deportivo La Corogne Youri Djorkaeff France
25%
19/10/1995 Celtic Glasgow Youri Djorkaeff France
25%
28/09/1995 Molde FK Youri Djorkaeff France
25%
14/09/1995 Molde FK Youri Djorkaeff France
25%
24/10/1984 Videoton FC Dominique Rocheteau France
24%
24/10/1984 Videoton FC Dominique Rocheteau France
24%
19/09/1984 Hearth of Midlothian FC Dominique Rocheteau France
24%
26/08/2010 Maccabi Tel-Aviv Ludovic Giuly France
24%
17/10/1996 Galatasaray Paul Le Guen France
23%
12/09/1996 FC Vaduz Paul Le Guen France
23%
14/09/1995 Molde FK Paul Le Guen France
23%
28/09/1994 Spartak Moscou Paul Le Guen France
23%
28/09/1993 APOEL Nicosie Paul Le Guen France
23%
14/12/2011 Athletic Bilbao Mathieu Bodmer France
22%
15/09/2011 RB Salzbourg Mathieu Bodmer France
22%
17/03/2011 Benfica Lisbonne Mathieu Bodmer France
22%
02/12/2010 FC Seville Mathieu Bodmer France
22%
18/12/2008 FC Twente Stephane Sessegnon Benin
21%
13/08/1997 Steaua Bucarest Vincent Guérin France
21%
15/03/1995 FC Barcelone Vincent Guérin France
21%
19/10/1994 Dynamo Kiev Vincent Guérin France
21%
03/11/1993 Universitatea Craiova Vincent Guérin France
21%
03/11/1993 Universitatea Craiova Vincent Guérin France
21%
20/10/1993 Universitatea Craiova Vincent Guerin France
21%
28/09/1994 Spartak Moscou Valdo Brésil
20%
20/10/1993 Universitatea Craiova Valdo Brésil
20%
18/03/1993 Real Madrid Valdo Brésil
20%
18/08/2011 Differdange Ceara Brésil
19%
19/09/2002 Ujpest Mauricio Pochettino Argentine
18%
15/07/2001 Tavria Simferopol Gabriel Heinze Argentine
17%
14/11/2002 Progresul Bucarest Laurent Leroy France
17%
31/10/2002 Progresul Bucarest Laurent Leroy France
17%
07/03/2001 Deportivo La Corogne Laurent Leroy France
17%
07/03/2001 Deportivo La Corogne Laurent Leroy France
17%
24/10/2000 Rosenborg BK Laurent Leroy France
17%
26/09/2000 Bayern Munich Laurent Leroy France
17%
05/11/1997 Bayern Munich Laurent Leroy France
17%
10/04/1997 Liverpool Laurent Leroy France
17%
17/09/1998 Maccabi Haifa Marco Simone Italie
17%
10/12/1997 Besiktas Marco Simone Italie
17%
20/10/1997 Bayern Munich Marco Simone Italie
17%
01/10/1997 Besiktas Marco Simone Italie
17%
27/08/1997 Steaua bucarest Marco Simone Italie
17%
18/12/2008 FC Twente Mateja Kezman Serbie
17%
27/11/2008 Racing Santander Mateja Kezman Serbie
17%
18/09/2008 Kayserispor Mateja Kezman Serbie
17%
20/03/1997 AEK Athènes Patrice Loko France
17%
20/03/1997 AEK Athènes Patrice Loko France
17%
20/03/1997 AEK Athènes Patrice Loko France
17%
30/10/1996 Galatasaray Patrice Loko France
17%
18/04/1996 Deportivo La Corogne Patrice Loko France
17%
21/03/1996 Parme FC Patrice Loko France
17%
02/11/1995 Celtic Glasgow Patrice Loko France
17%
02/11/1995 Celtic Glasgow Patrice Loko France
17%
17/09/1997 IFK Göteborg Bruno Ngotty France
16%
08/05/1996 Rapid Vienne Bruno Ngotty France
16%
22/02/2007 AEK Athènes Bernard Mendy France
15%
14/02/2007 AEK Athènes Bernard Mendy France
15%
18/10/2001 Rapid Vienne Bernard Mendy France
15%
01/08/2001 KAA La Gantoise Bernard Mendy France
15%
14/09/1994 Bayern Munich Daniel Bravo France
15%
01/11/1989 Juventus Daniel Bravo France
15%
14/02/2007 AEK Athènes Sammy Traore Mali
15%
26/11/2002 Boavista Fabrice Fiorese France
14%
07/12/2004 CSKA Moscou Fabrice Pancrate France
14%
05/11/1997 Bayern Munich Florian Maurice France
14%
27/08/1997 Steaua Bucarest Florian Maurice France
14%
13/08/1997 Steaua Bucarest Florian Maurice France
14%
18/08/2011 Differdange Jean-Christophe Bahebeck France
14%
07/07/2001 FC Jazz Pori Laurent Robert France
14%
01/07/2001 FC Jazz Pori Laurent Robert France
14%
01/07/2001 FC Jazz Pori Laurent Robert France
14%
01/07/2001 FC Jazz Pori Laurent Robert France
14%
20/02/2001 AC Milan Laurent Robert France
14%
24/10/2000 Rosenborg BK Laurent Robert France
14%
19/09/2000 Helsingborgs IF Laurent Robert France
14%
10/04/1997 Liverpool Leonardo Brésil
14%
30/10/1996 Galatasaray Leonardo Brésil
14%
12/09/1996 FC Vaduz Leonardo Brésil
14%
24/10/2000 Rosenborg BK Frédéric Déhu France
13%
20/10/2004 FC Porto Charles Coridon France
12%
01/08/2001 KAA La Gantoise Mikel Arteta Espagne
12%
13/12/2006 Panathinaikos Bonaventure Kalou Côte d'Ivoire
11%
13/12/2006 Panathinaikos Bonaventure Kalou Côte d'Ivoire
11%
13/03/2001 Galatasaray Christian Brésil
11%
13/03/2001 Galatasaray Christian Brésil
11%
24/10/2000 Rosenborg BK Christian Brésil
11%
19/09/2000 Helsingborgs IF Christian Brésil
11%
13/09/2000 Rosenborg BK Christian Brésil
11%
30/10/1996 Galatasaray Dely Valdes Panama
11%
17/10/1996 Galatasaray Dely Valdes Panama
11%
12/09/1996 FC Vaduz Dely Valdes Panama
11%
14/09/1995 Molde FK Dely Valdes Panama
11%
17/09/1986 FC Vitkovice Jean-Marc Pilorget France
11%
02/03/1983 Waterschei Jean-Marc Pilorget France
11%
25/09/2001 Rapid Bucarest Aloisio Brésil
10%
21/08/2001 Brescia Aloisio Brésil
10%
21/07/2001 Tavria Simferopol Aloisio Brésil
10%
21/07/2001 Tavria Simferopol Aloisio Brésil
10%
28/09/2006 Derry City Edouard Cisse France
10%
20/10/1982 Swansea AFC Nambatingue Toko Tchad
10%
28/09/1982 DFS Lokomotiv Sofia Nambatingue Toko Tchad
10%
28/09/1982 DFS Lokomotiv Sofia Nambatingue Toko Tchad
10%
24/10/2000 Rosenborg BK Peter Luccin France
10%
21/11/2000 Deportivo La Corogne Jimmy Algerino France
9%
01/10/1998 Maccabi Haifa Nicolas Ouédec France
9%
02/11/1995 Celtic Glasgow Pascal Nouma France
9%
28/09/1995 Molde FK Pascal Nouma France
9%
28/09/1995 Molde FK Pascal Nouma France
9%
21/07/2001 Tavria Simferopol Ali Benarbia Algérie
8%
28/09/1983 Glentoran FC Dominique Bathenay France
8%
28/09/1982 DFS Lokomotiv Sofia Dominique Bathenay France
8%
26/11/1997 IFK Göteborg Eric Rabesandratana France
8%
08/03/2007 Benfica Lisbonne Pierre-Alain Frau France
8%
22/02/2007 AEK Athènes Pierre-Alain Frau France
8%
23/11/2006 Hapoel Tel-Aviv Pierre-Alain Frau France
8%
19/09/2000 Helsingborgs IF Talal El Karkouri Maroc
8%
10/12/1997 Besiktas Franck Gava France
7%
05/11/1197 Bayern Munich Franck Gava France
7%
01/11/2001 Rapid Vienne Hugo Leal Portugal
7%
19/09/2002 Ujpest Martin Cardetti Argentine
6%
19/10/1983 Juventus Michel Ngom France
6%
14/09/1983 Glentoran FC Michel Ngom France
6%
28/09/1982 DFS Lokomotiv Sofia Michel Ngom France
6%
26/09/1996 FC Vaduz Patrick Mboma Cameroun
6%
24/08/1994 Vaci FC Samsung Patrick Mboma Cameroun
6%
24/08/1994 Vaci FC Samsung Patrick Mboma Cameroun
6%
03/10/2002 Ujpest Selim Benachour Tunisie
6%
28/09/1993 APOEL Nicosie Xavier Gravelaine France
6%
19/10/1983 Juventus Alain Couriol France
5%
10/04/1997 Liverpool Benoit Cauet France
5%
28/09/1982 DFS Lokomotiv Sofia Jean-Claude Lemoult France
5%
02/11/1982 Swansea AFC Kees Kist Pays-Bas
5%
01/11/2001 Rapid Vienne Lionel Potillon France
5%
03/10/1984 Hearth of Midlothian FC Philippe Jeannol France
5%
10/08/1994 Vaci FC SAmsung Ricardo Gomes Brésil
5%
15/03/1994 Real Madrid Ricardo Gomes Brésil
5%
17/09/1986 FC Vitkovice Vahid Halilhodzic France
5%
26/11/2002 Boavista Alex Nyarko Ghana
4%
26/09/1996 FC Vaduz Bernard Allou France
4%
12/09/1996 FC Vaduz Bernard Allou France
4%
26/09/1989 FC Lahti Gabriel Calderon Argentin
4%
14/09/1993 APOEL Nicosie Jean-Luc Sassus France
4%
01/10/1992 PAOK Salonique Jean-Luc Sassus France
4%
03/10/1984 Hearth of Midlothian FC Richard Niederbacher Autriche
4%
19/09/1984 Hearth of Midlothian FC Richard Niederbacher Autriche
4%
26/09/1989 FC Lahti Zlatko Vujovic Yougoslave
4%
01/08/2001 KAA La Gantoise Gaël Hiroux France
3%
07/07/2001 FC Jazz Pori Gaël Hiroux France
3%
14/09/1983 Glentoran FC Pascal Zaremba France
3%
31/10/2002 Progresul Bucarest André Luiz Moreira Brésil
1%
Aucun quiz correspondant
Distribution des résultats
% des personnes avec chaque résultat
Percentile par nombre de réponses
Votre historique - résultats
Vous n’avez pas pris ce quiz